000 01320nam a22003617a 4500
003 CHAP
005 20220329140837.0
008 971013s1995 r 00010 d
010 _a58496
011 _a59468
035 _a63626
040 _cCHAP
090 _aTesis
100 0 0 _aJiménez López, Cupertino.
_961574
245 _aPropuesta de planeación de las actividades agrícolas en la región de Tehuacán, estado de Puebla, Méx.
260 _aChapingo, Méx. :
_bEl autor,
_c1995
300 _a111 h.
502 _aTesis (Ing. Agr. Esp. en Economía Agrícola) -- UACH. Departamento de Economía Agrícola
590 _aALEPH
_b10
_c20130110
_lUCH01
_h1336
590 _aBATCH-UPD
_b10
_c20130110
_lUCH01
_h0512
590 _aBATCH-UPD
_b10
_c20130410
_lUCH01
_h0150
590 _aBATCH-UPD
_b10
_c20130410
_lUCH01
_h1551
590 _aBATCH-UPD
_b10
_c20130914
_lUCH01
_h1120
590 _aCONVERSION
_b10
_c20130109
_lUCH01
_h1331
650 1 4 _aAgricultura
_xAspectos economicos
_xPuebla.
_91287
650 1 4 _aCultivos
_xPuebla.
_930314
650 1 4 _aDistrito de Desarrollo Rural Tehuacán, Pue.
_932814
650 1 4 _aPolítica agrícola
_xPuebla.
_990353
901 _aBK
942 _cFOLL
949 _bBC
_cTES
_d-136798
_eTS1
_h28497
_i63626
_si
949 _bBC
_cTES
_d33724000079166
_eTS2
_fc.2
_h28498
_i63626
_si
999 _c58496
_d58496